Capoluoghi di Provincia - Statistics

Statistiche generali
  • Questo quiz è stato fatto 5.028 volte
    2.091 dall'ultimo reset
  • Il punteggio medio è 72 su 116
Statistiche sulle risposte
Regione Capoluogo di Provincia % Corretto
Valle d'Aosta Aosta
96%
Piemonte Torino
96%
Lombardia Milano
93%
Liguria Genova
89%
Veneto Venezia
89%
Emilia-Romagna Bologna
88%
Trentino Alto-Adige Trento
88%
Toscana Firenze
86%
Campania Napoli
86%
Lazio Roma
86%
Puglia Barletta
84%
Puglia Bari
83%
Friuli Venezia-Giulia Trieste
82%
Lombardia Bergamo
81%
Veneto Verona
81%
Molise Campobasso
80%
Sicilia Palermo
80%
Trentino Alto-Adige Bolzano
79%
Liguria La Spezia
79%
Umbria Perugia
79%
Toscana Pisa
79%
Sardegna Cagliari
77%
Friuli Venezia-Giulia Udine
77%
Piemonte Alessandria
76%
Lombardia Brescia
76%
Marche Ancona
75%
Lombardia Como
75%
Veneto Padova
75%
Lombardia Monza
74%
Emilia-Romagna Reggio Emilia
74%
Abruzzo L'Aquila
73%
Puglia Lecce
73%
Emilia-Romagna Rimini
73%
Sicilia Catania
72%
Calabria Reggio Calabria
72%
Piemonte Cuneo
71%
Emilia-Romagna Parma
71%
Campania Salerno
71%
Piemonte Asti
70%
Calabria Catanzaro
70%
Lazio Latina
70%
Basilicata Potenza
70%
Toscana Livorno
69%
Piemonte Novara
68%
Veneto Vicenza
68%
Liguria Imperia
67%
Emilia-Romagna Modena
67%
Liguria Savona
67%
Lombardia Lecco
66%
Campania Caserta
65%
Lombardia Cremona
65%
Lazio Frosinone
65%
Basilicata Matera
65%
Friuli Venezia-Giulia Pordenone
65%
Lombardia Mantova
64%
Abruzzo Pescara
64%
Sardegna Sassari
63%
Piemonte Vercelli
63%
Puglia Foggia
62%
Sicilia Messina
62%
Campania Avellino
61%
Campania Benevento
61%
Toscana Lucca
61%
Lombardia Pavia
61%
Emilia-Romagna Piacenza
61%
Emilia-Romagna Ravenna
61%
Puglia Taranto
61%
Umbria Terni
61%
Lombardia Varese
60%
Emilia-Romagna Forli
59%
Sicilia Siracusa
59%
Friuli Venezia-Giulia Gorizia
58%
Lombardia Lodi
58%
Toscana Prato
58%
Toscana Siena
58%
Sicilia Trapani
58%
Emilia-Romagna Ferrara
57%
Molise Isernia
57%
Lombardia Sondrio
57%
Sicilia Agrigento
56%
Puglia Brindisi
56%
Calabria Cosenza
56%
Toscana Grosseto
56%
Veneto Treviso
56%
Veneto Belluno
55%
Piemonte Biella
55%
Lazio Viterbo
55%
Calabria Crotone
54%
Toscana Massa
54%
Toscana Arezzo
52%
Marche Ascoli Piceno
52%
Sicilia Enna
52%
Marche Pesaro
52%
Sicilia Caltanissetta
50%
Lazio Rieti
50%
Veneto Rovigo
50%
Toscana Pistoia
49%
Sicilia Ragusa
49%
Abruzzo Chieti
47%
Sardegna Nuoro
47%
Marche Macerata
46%
Piemonte Verbania
45%
Calabria Vibo Valentia
45%
Sardegna Olbia
44%
Puglia Trani
42%
Puglia Andria
41%
Abruzzo Teramo
41%
Sardegna Oristano
38%
Sardegna Carbonia
37%
Marche Fermo
37%
Sardegna Iglesias
20%
Sardegna Tempio Pausania
8%
Sardegna Tortolì
5%
Sardegna Lanusei
3%
Sardegna Sanluri
3%
Sardegna Villacidro
3%
Nessun quiz corrispondente trovato
Distribuzione punteggi
Percentuale di utenti per punteggio
Percentile per numero di risposta
I tuoi punteggi nel tempo
Non hai fatto questo quiz dall'ultimo reset